Famous Kellys - Statistics

General Stats
  • This quiz has been taken 396 times
    325 since last reset
  • The average score is 4 of 9
Answer Stats
Hint Answer % Correct
First American Idol winner Clarkson
90%
Ozzy's daughter Osbourne
90%
Regis' co-star Ripa
60%
Wife of John Travolta Preston
55%
Destiny's Child member Rowland
53%
Co-starred In "Top Gun" McGillis
41%
Sang "Red High Heels" Pickler
15%
Was in the show "Nip/Tuck" Carlson
7%
Played April in Baywatch Packard
4%
No matching quizzes found
Score Distribution
Percent of People with Each Score
Percentile by Number Answered
Your Score History
You have not taken this quiz since the last reset